[Event "Tenerife-chT Primera"]
[Site "Tenerife"]
[Date "2025.02.08"]
[Round "8.3"]
[White "Perez de la Torre, Jorge"]
[Black "Rizoev, Rifat"]
[Result "0-1"]
[WhiteElo "1689"]
[BlackElo "1823"]
[PlyCount "78"]
[EventDate "2024.11.09"]
[EventType "team-tourn"]
[EventRounds "14"]
[EventCountry "ESP"]
[SourceTitle "CB14_2025"]
[SourceDate "2024.11.01"]
[SourceVersion "1"]
[SourceVersionDate "2024.11.01"]
[SourceQuality "1"]
[WhiteTeam "Circulo de Amistad XII Enero II"]
[BlackTeam "Lasker Isora"]
[WhiteTeamCountry "ESP"]
[BlackTeamCountry "ESP"]

1. d4 Nf6 2. Nf3 e6 3. e3 b6 4. Bd3 Bb7 5. 0-0 Be7 6. c4 0-0 7. Nc3 d5 8. b3 Nbd7 9. Bb2 c5 10. cxd5 exd5 11. Rc1 Ne4 12. Qe2 cxd4 13. Nxd4 Ndc5 14. Bb5 Bf6 15. Rfd1 Bxd4 16. Rxd4 Qg5 17. Nxe4 dxe4 18. b4 Nd3 19. Bxd3 exd3 20. Qg4 Qxg4 21. Rxg4 f6 22. Rc7 Rf7 23. Rxf7 Kxf7 24. Rd4 Ba6 25. a4 Rc8 26. b5 Rc2 27. f3 d2 28. Kf1 Bxb5+ 29. axb5 Rxb2 30. Ke2 Ke6 31. Ra4 Rxb5 32. Rxa7 Rd5 33. Ra1 d1Q+ 34. Rxd1 Rxd1 35. Kxd1 Kd5 36. Kd2 Kc4 37. Kc2 h5 38. h4 g5 39. Kd2 b5 0-1

[Event "Tenerife-chT Primera"]
[Site "Tenerife"]
[Date "2025.02.01"]
[Round "7.4"]
[White "Rizoev, Rifat"]
[Black "Septien Lopez, Valeriano"]
[Result "0-1"]
[WhiteElo "1823"]
[BlackElo "1801"]
[PlyCount "98"]
[EventDate "2024.11.09"]
[EventType "team-tourn"]
[EventRounds "14"]
[EventCountry "ESP"]
[SourceTitle "CB14_2025"]
[SourceDate "2024.11.01"]
[SourceVersion "1"]
[SourceVersionDate "2024.11.01"]
[SourceQuality "1"]
[WhiteTeam "Lasker Isora"]
[BlackTeam "El Sauzal"]
[WhiteTeamCountry "ESP"]
[BlackTeamCountry "ESP"]

1. d4 Nf6 2. c4 e5 3. dxe5 Ng4 4. Bf4 Nc6 5. Nf3 Bb4+ 6. Nbd2 Qe7 7. a3 Ncxe5 8. Nxe5 Nxe5 9. e3 Bxd2+ 10. Qxd2 d6 11. h3 0-0 12. Be2 Ng6 13. Bg3 Bf5 14. 0-0 Rfe8 15. Rfe1 Qf6 16. Bf3 Rab8 17. Qa5 Bxh3 18. Qxc7 Be6 19. Qxd6 Rbd8 20. Qb4 Ne5 21. Bxe5 Qxe5 22. Red1 Qc7 23. c5 Rb8 24. Rd6 h6 25. Rad1 Rec8 26. Rc1 a5 27. Qb6 Qe7 28. Rcd1 Kh7 29. Qxa5 Bb3 30. R1d4 Qe5 31. Qb6 Be6 32. b4 g5 33. Rd8 Rxd8 34. Rxd8 Qa1+ 35. Rd1 Qxa3 36. Bxb7 Qa4 37. Be4+ f5 38. Qc7+ Kg6 39. Rd6 Qa1+ 40. Kh2 Qe5+ 41. g3 Rxb4 42. Qe7 Rxe4 43. c6 Rh4+ 44. Kg2 Qe4+ 45. Kf1 Qc4+ 46. Kg2 Qe4+ 47. Kf1 Rh1+ 48. Ke2 Qc2+ 49. Rd2 Bc4+ 0-1

[Event "Tenerife-chT Primera"]
[Site "Tenerife"]
[Date "2025.01.11"]
[Round "4.3"]
[White "Rizoev, Rifat"]
[Black "Lopez Cadenas, Nestor"]
[Result "1-0"]
[WhiteElo "1823"]
[BlackElo "1966"]
[PlyCount "111"]
[EventDate "2024.11.09"]
[EventType "team-tourn"]
[EventRounds "14"]
[EventCountry "ESP"]
[SourceTitle "CB14_2025"]
[SourceDate "2024.11.01"]
[SourceVersion "1"]
[SourceVersionDate "2024.11.01"]
[SourceQuality "1"]
[WhiteTeam "Lasker Isora"]
[BlackTeam "Ebano Barrio Nuevo II"]
[WhiteTeamCountry "ESP"]
[BlackTeamCountry "ESP"]

1. d4 e6 2. c4 Nf6 3. Nf3 d5 4. Nc3 Be7 5. Bg5 0-0 6. e3 b6 7. cxd5 exd5 8. Bd3 Bb7 9. 0-0 Nbd7 10. Bxf6 Nxf6 11. Qc2 Rc8 12. Bf5 Ra8 13. a4 c5 14. Ne5 a6 15. f4 cxd4 16. exd4 b5 17. axb5 Qb6 18. Qd3 axb5 19. Rxa8 Rxa8 20. Qxb5 Qxd4+ 21. Kh1 Qb4 22. Qe2 g6 23. Bd3 Nh5 24. f5 Qh4 25. Qg4 Qxg4 26. Nxg4 Bg5 27. fxg6 fxg6 28. Bc2 Rc8 29. Bb3 Nf4 30. h4 Nh5 31. hxg5 Ng3+ 32. Kg1 Nxf1 33. Kxf1 Ba6+ 34. Ke1 Bc4 35. Nxd5 Re8+ 36. Kd2 Bxb3 37. Ndf6+ Kf7 38. Nxe8 Kxe8 39. Kc3 Bd1 40. Nf6+ Ke7 41. Nxh7 Ke6 42. b4 Kd5 43. Nf8 Bh5 44. g4 Bxg4 45. Nxg6 Kd6 46. Nh4 Kd5 47. g6 Be6 48. g7 Ke5 49. b5 Bd5 50. b6 Kd6 51. Kb4 Kc6 52. Ka5 Kb7 53. Nf5 Bg8 54. Ne7 Bc4 55. g8Q Bxg8 56. Nxg8 1-0

[Event "Tenerife-ch Seniors/Women"]
[Site "Santa Cruz de Tenerife"]
[Date "2023.03.27"]
[Round "7.7"]
[White "Rizoev, Rifat"]
[Black "Perez Garcia, Jimena"]
[Result "1/2-1/2"]
[WhiteElo "1773"]
[BlackElo "1920"]
[PlyCount "103"]
[EventDate "2023.03.13"]
[EventType "swiss"]
[EventRounds "9"]
[EventCountry "ESP"]
[SourceTitle "EXT 2024"]
[Source "ChessBase"]
[SourceDate "2023.10.10"]
[SourceVersion "1"]
[SourceVersionDate "2023.10.10"]
[SourceQuality "1"]

1. d4 Nf6 2. c4 g6 3. Nc3 Bg7 4. Nf3 0-0 5. Bg5 d6 6. e3 h6 7. Bh4 c5 8. d5 e6 9. Qc2 Qa5 10. 0-0-0 e5 11. Bd3 e4 12. Bxe4 Nxe4 13. Nxe4 Bf5 14. Nfd2 Qxa2 15. f3 g5 16. Bg3 Na6 17. Nb1 Nb4 18. Qe2 Qa1 19. Bxd6 Na2+ 20. Kd2 Bxe4 21. fxe4 Rfe8 22. e5 Qxb2+ 23. Ke1 Bxe5 24. Qxb2 Bxb2 25. Kf2 Be5 26. Bxe5 Rxe5 27. Rd2 Nb4 28. Nc3 a6 29. Na4 b5 30. cxb5 axb5 31. Nxc5 Rxd5 32. Rxd5 Nxd5 33. Rb1 Ra2+ 34. Kf3 Nc3 35. Rb3 Rc2 36. h3 Rc1 37. g4 Na4 38. Ne4 Rf1+ 39. Ke2 Rh1 40. Rxb5 Rxh3 41. Rb4 Rh2+ 42. Kf3 Ra2 43. Rb8+ Kg7 44. Rb7 Kg6 45. Nd6 Nc5 46. Rxf7 Rd2 47. Rc7 Rxd6 48. Rxc5 h5 49. gxh5+ Kxh5 50. Kg3 Re6 51. Rc3 Re5 52. Ra3 1/2-1/2

[Event "Tenerife-chT Primera"]
[Site "Tenerife"]
[Date "2023.03.04"]
[Round "6.2"]
[White "Camacho Hernandez, Francisco"]
[Black "Rizoev, Rifat"]
[Result "1-0"]
[WhiteElo "1693"]
[BlackElo "1768"]
[PlyCount "79"]
[EventDate "2023.01.14"]
[EventType "team-tourn"]
[EventRounds "14"]
[EventCountry "ESP"]
[SourceTitle "EXT 2024"]
[Source "ChessBase"]
[SourceDate "2023.10.10"]
[SourceVersion "1"]
[SourceVersionDate "2023.10.10"]
[SourceQuality "1"]
[WhiteTeam "Circulo de Amistad XII Enero II"]
[BlackTeam "Playa San Juan"]
[WhiteTeamCountry "ESP"]
[BlackTeamCountry "ESP"]

1. c4 Nf6 2. Nc3 e6 3. Nf3 d5 4. cxd5 exd5 5. d4 Be7 6. g3 c6 7. Bg2 0-0 8. Qc2 Re8 9. 0-0 Nbd7 10. b3 a5 11. Bb2 Bb4 12. e3 Bxc3 13. Bxc3 Ne4 14. Bb2 Ndf6 15. Ba3 Bf5 16. Qc1 Qc8 17. Ne5 Bh3 18. f3 Bxg2 19. Kxg2 Ng5 20. g4 Nd7 21. h4 Nxe5 22. dxe5 Ne6 23. Bb2 Qd8 24. Kg3 a4 25. f4 Qa5 26. Bc3 Qb5 27. b4 a3 28. Rb1 Qc4 29. Rb3 Nc7 30. Bd4 Nb5 31. Qb1 Nxd4 32. exd4 Qxd4 33. Rff3 Ra4 34. g5 Rea8 35. h5 R8a6 36. Qe1 Qb6 37. e6 Qd8 38. e7 Qe8 39. g6 Ra7 40. f5 1-0

[Event "Santa Cruz Christmas op 32nd"]
[Site "Santa Cruz"]
[Date "2022.12.21"]
[Round "5"]
[White "Rodriguez Garcia, Joel I"]
[Black "Rizoev, Rifat"]
[Result "0-1"]
[WhiteElo "1324"]
[BlackElo "1768"]
[PlyCount "50"]
[EventDate "2022.12.15"]
[EventType "swiss"]
[EventRounds "9"]
[EventCountry "ESP"]
[SourceTitle "EXT 2024"]
[Source "ChessBase"]
[SourceDate "2023.10.10"]
[SourceVersion "1"]
[SourceVersionDate "2023.10.10"]
[SourceQuality "1"]

1. d4 Nf6 2. Nf3 e6 3. e3 d5 4. Bd3 c5 5. c3 Nc6 6. Nbd2 Bd6 7. 0-0 0-0 8. Re1 b6 9. b3 Qc7 10. Bb2 Bb7 11. Rc1 Rfe8 12. e4 dxe4 13. Nxe4 Nxe4 14. Bxe4 Ne7 15. Bxh7+ Kxh7 16. Ng5+ Kg8 17. Qh5 Ng6 18. Qh7+ Kf8 19. Nxe6+ Rxe6 20. Rxe6 fxe6 21. Qxg6 Qf7 22. Qh7 cxd4 23. cxd4 Bd5 24. Rf1 Qf5 25. Qh4 Kf7 0-1

[Event "Tenerife-chT Primera"]
[Site "Tenerife"]
[Date "2022.05.28"]
[Round "14.2"]
[White "Perez Garcia, Jimena"]
[Black "Rizoev, Rifat"]
[Result "1-0"]
[WhiteElo "1826"]
[BlackElo "1727"]
[PlyCount "143"]
[EventDate "2022.01.29"]
[EventType "team-tourn"]
[EventRounds "14"]
[EventCountry "ESP"]
[SourceTitle "EXT 2024"]
[Source "ChessBase"]
[SourceDate "2023.10.10"]
[SourceVersion "1"]
[SourceVersionDate "2023.10.10"]
[SourceQuality "1"]
[WhiteTeam "Caissa Enroque"]
[BlackTeam "Playa San Juan"]
[WhiteTeamCountry "ESP"]
[BlackTeamCountry "ESP"]

1. d4 Nf6 2. c4 e6 3. Nc3 d5 4. cxd5 exd5 5. Bg5 Be7 6. e3 Nbd7 7. Qc2 c6 8. Bd3 h6 9. Bh4 Nh5 10. Bxe7 Qxe7 11. Nge2 Nb6 12. 0-0 0-0 13. Rab1 Be6 14. b4 Rfc8 15. a4 Nd7 16. Rfc1 Nhf6 17. Nf4 Ne8 18. Qe2 Nd6 19. b5 Bf5 20. Bxf5 Nxf5 21. bxc6 bxc6 22. a5 Nd6 23. Qa2 Qd8 24. a6 Rab8 25. Nd3 Rxb1 26. Rxb1 Rb8 27. Nc5 Nxc5 28. dxc5 Nb5 29. Nxb5 Rxb5 30. Rxb5 cxb5 31. Kf1 Qd7 32. Qa5 d4 33. Qd2 d3 34. Ke1 Qd5 35. Qc3 Qc6 36. f3 Qxa6 37. Qxd3 Qc6 38. Qd8+ Kh7 39. Qd3+ Kg8 40. Qd8+ Kh7 41. Qd6 Qe8 42. Kd2 b4 43. c6 b3 44. Qd7 Qb8 45. Qb7 Qd6+ 46. Kc3 Qd5 47. e4 Qd1 48. Qxb3 Qc1+ 49. Qc2 Qe3+ 50. Kc4 Qb6 51. Kd5 Qd8+ 52. Kc5 Qb6+ 53. Kd6 Qd8+ 54. Ke5 Qc7+ 55. Kd5 Qd8+ 56. Kc4 Qb6 57. e5+ Kg8 58. Kd5 Qd8+ 59. Ke4 Qc7 60. Qc5 a5 61. Qd6 Qb6 62. c7 Qb1+ 63. Kd5 Qb5+ 64. Qc5 Qd7+ 65. Ke4 Qa4+ 66. Kf5 Qd7+ 67. Kf4 g5+ 68. Kg3 Qc8 69. Qd6 Kh7 70. Qd8 Qf5 71. c8Q Qxe5+ 72. Kh3 1-0

[Event "Tenerife-ch"]
[Site "Santa Cruz"]
[Date "2022.05.04"]
[Round "7"]
[White "De la Paz Molina, Juan Carlos"]
[Black "Rizoev, Rifat"]
[Result "0-1"]
[WhiteElo "1422"]
[BlackElo "1696"]
[PlyCount "110"]
[EventDate "2022.04.20"]
[EventType "swiss"]
[EventRounds "9"]
[EventCountry "ESP"]
[SourceTitle "EXT 2023"]
[Source "ChessBase"]
[SourceDate "2022.10.05"]
[SourceVersion "1"]
[SourceVersionDate "2022.10.05"]
[SourceQuality "1"]

1. e4 d6 2. d4 Nf6 3. Nc3 e5 4. Nf3 Nbd7 5. Bc4 Be7 6. 0-0 0-0 7. a4 a5 8. dxe5 dxe5 9. Qe2 c6 10. Rd1 Qc7 11. h3 Bb4 12. Bd2 Nc5 13. Re1 Be6 14. Na2 Bxd2 15. Nxd2 Nxa4 16. Bxe6 fxe6 17. Qc4 b5 18. Qxe6+ Kh8 19. b3 Rae8 20. Qf5 Nc5 21. Qg5 Ne6 22. Qe3 Nd4 23. Rac1 Nh5 24. c3 Ne6 25. Kh2 Qf7 26. Nf3 Nhf4 27. c4 b4 28. Rcd1 Nxh3 29. gxh3 Qxf3 30. Rd2 Qxe3 31. Rxe3 Nf4 32. Nc1 Rd8 33. Rc2 Rd1 34. Ne2 Nd3 35. Ng3 Nxf2 36. Kg2 Nd3 37. Ra2 a4 38. bxa4 b3 39. Rae2 Nf4+ 40. Kh2 Nxe2 41. Nxe2 Rd2 42. Kg3 b2 43. Nc3 Rc2 44. Nb1 Rc1 45. Rb3 Rxb1 46. Kh4 g5+ 47. Kh5 Kg7 48. Rb7+ Rf7 49. Rb6 h6 50. Rxc6 Rh1 51. Rg6+ Kf8 52. Rb6 b1Q 53. Rxb1 Rxb1 54. Kxh6 g4 55. hxg4 Rg7 0-1

[Event "Tenerife-ch"]
[Site "Santa Cruz"]
[Date "2022.04.22"]
[Round "2"]
[White "Rizoev, Rifat"]
[Black "Rodriguez Redondo, Ethan"]
[Result "1/2-1/2"]
[WhiteElo "1696"]
[BlackElo "2037"]
[PlyCount "98"]
[EventDate "2022.04.20"]
[EventType "swiss"]
[EventRounds "9"]
[EventCountry "ESP"]
[SourceTitle "EXT 2023"]
[Source "ChessBase"]
[SourceDate "2022.10.05"]
[SourceVersion "1"]
[SourceVersionDate "2022.10.05"]
[SourceQuality "1"]

1. d4 Nf6 2. c4 c5 3. d5 b5 4. cxb5 a6 5. bxa6 g6 6. Nc3 Bg7 7. e4 Qa5 8. Bd2 0-0 9. e5 Ne8 10. f4 d6 11. Nf3 Bg4 12. Ne4 Qc7 13. Bc3 Nxa6 14. Be2 Bxf3 15. Bxf3 dxe5 16. Bxe5 Bxe5 17. fxe5 Qxe5 18. Qe2 Ng7 19. 0-0 Nf5 20. Nc3 Qxe2 21. Bxe2 Rfd8 22. Kf2 Nb4 23. Bc4 Nc2 24. Ne4 Nxa1 25. Rxa1 Nd6 26. Nxd6 Rxd6 27. a4 Kg7 28. a5 Kf6 29. a6 Ra7 30. Ra5 Rb6 31. b3 Ke5 32. Rxc5 Kd6 33. Ra5 e5 34. dxe6 fxe6 35. Ke3 Rb8 36. g3 Rf7 37. g4 Kc7 38. Re5 Re8 39. Bd3 Kb6 40. b4 Rc7 41. Kd4 Rd8+ 42. Ke4 Rd6 43. g5 Rcd7 44. Be2 Rd4+ 45. Ke3 Rxb4 46. Rxe6+ Ka7 47. Kf3 Rf7+ 48. Kg3 Rb3+ 49. Kg4 Rb4+ 1/2-1/2

[Event "Tenerife-chT Primera"]
[Site "Tenerife"]
[Date "2022.03.05"]
[Round "5.3"]
[White "Bernardez Gonzalez, Roberto"]
[Black "Rizoev, Rifat"]
[Result "1/2-1/2"]
[WhiteElo "1633"]
[BlackElo "1727"]
[PlyCount "62"]
[EventDate "2022.01.29"]
[EventType "team-tourn"]
[EventRounds "14"]
[EventCountry "ESP"]
[SourceTitle "EXT 2024"]
[Source "ChessBase"]
[SourceDate "2023.10.10"]
[SourceVersion "1"]
[SourceVersionDate "2023.10.10"]
[SourceQuality "1"]
[WhiteTeam "Ebano Barrio Nuevo II"]
[BlackTeam "Playa San Juan"]
[WhiteTeamCountry "ESP"]
[BlackTeamCountry "ESP"]

1. e4 d6 2. d4 Nf6 3. Nc3 e5 4. Nf3 Nbd7 5. Bc4 Be7 6. 0-0 0-0 7. a4 a5 8. Qe2 exd4 9. Nxd4 Ne5 10. Ba2 Bg4 11. f3 Bd7 12. Be3 h6 13. Rad1 Qe8 14. Bb3 Qc8 15. Ndb5 Be6 16. Rd2 Bxb3 17. cxb3 Nc6 18. Rc1 Bd8 19. Qd1 Re8 20. Nd4 Nxd4 21. Bxd4 Nd7 22. Nb5 Qb8 23. Be3 Nf6 24. Kf2 Re7 25. Nd4 Ne8 26. Nf5 Re6 27. Rd3 c6 28. Qd2 Bc7 29. g3 c5 30. Rd5 Nf6 31. Rd3 Ne8 1/2-1/2

[Event "Tenerife-chT Primera"]
[Site "Tenerife"]
[Date "2021.06.06"]
[Round "9.2"]
[White "Hernandez Abreu, Victor"]
[Black "Rizoev, Rifat"]
[Result "0-1"]
[WhiteElo "1404"]
[BlackElo "1689"]
[PlyCount "58"]
[EventDate "2021.02.27"]
[EventType "team-tourn"]
[EventRounds "14"]
[EventCountry "ESP"]
[SourceTitle "EXT 2023"]
[Source "ChessBase"]
[SourceDate "2022.10.05"]
[SourceVersion "1"]
[SourceVersionDate "2022.10.05"]
[SourceQuality "1"]
[WhiteTeam "Al Shah Mat Los Realejos II"]
[BlackTeam "Playa San Juan"]
[WhiteTeamCountry "ESP"]
[BlackTeamCountry "ESP"]

1. d4 Nf6 2. c4 e6 3. Nc3 Bb4 4. Bg5 c5 5. d5 exd5 6. cxd5 d6 7. Qc2 h6 8. Bxf6 Qxf6 9. Qe4+ Kd8 10. Qf3 Qxf3 11. Nxf3 Bf5 12. Nd2 Re8 13. Nc4 Kc7 14. a3 Bxc3+ 15. bxc3 b5 16. Nd2 Nd7 17. e3 c4 18. Be2 Nb6 19. Bf3 Bd3 20. e4 f5 21. 0-0-0 fxe4 22. Bh5 Re5 23. Bg6 e3 24. Bxd3 exd2+ 25. Kxd2 cxd3 26. Kxd3 Rxd5+ 27. Kc2 Rxd1 28. Rxd1 Re8 29. Kd3 Nc4 0-1

[Event "Tenerife-chT Primera"]
[Site "Tenerife"]
[Date "2021.05.08"]
[Round "5.2"]
[White "Rizoev, Rifat"]
[Black "Mamani Beltran, Daniel"]
[Result "0-1"]
[WhiteElo "1689"]
[BlackElo "1834"]
[PlyCount "52"]
[EventDate "2021.02.27"]
[EventType "team-tourn"]
[EventRounds "14"]
[EventCountry "ESP"]
[SourceTitle "EXT 2023"]
[Source "ChessBase"]
[SourceDate "2022.10.05"]
[SourceVersion "1"]
[SourceVersionDate "2022.10.05"]
[SourceQuality "1"]
[WhiteTeam "Playa San Juan"]
[BlackTeam "Fundacion La Caja de Canarias II"]
[WhiteTeamCountry "ESP"]
[BlackTeamCountry "ESP"]

1. d4 d5 2. c4 e6 3. Nc3 h6 4. Nf3 Nf6 5. cxd5 exd5 6. e3 Bd6 7. Bd3 0-0 8. h3 Re8 9. 0-0 Nc6 10. a3 Ne7 11. Nb5 Bf5 12. Nxd6 Qxd6 13. Bxf5 Nxf5 14. Qd3 Ne4 15. b4 Qf6 16. Bb2 Nh4 17. Nxh4 Qxh4 18. Rac1 c6 19. b5 Re6 20. bxc6 bxc6 21. Rc2 Rg6 22. Kh2 Re8 23. Bc3 Qg5 24. Rg1 Nxf2 25. Rxf2 Qg3+ 26. Kh1 Qxf2 0-1

[Event "Tenerife-chT Primera"]
[Site "Tenerife"]
[Date "2021.03.13"]
[Round "3.2"]
[White "Sala Marin, Antonio Javier"]
[Black "Rizoev, Rifat"]
[Result "0-1"]
[WhiteElo "1585"]
[BlackElo "1689"]
[PlyCount "71"]
[EventDate "2021.02.27"]
[EventType "team-tourn"]
[EventRounds "14"]
[EventCountry "ESP"]
[SourceTitle "EXT 2023"]
[Source "ChessBase"]
[SourceDate "2022.10.05"]
[SourceVersion "1"]
[SourceVersionDate "2022.10.05"]
[SourceQuality "1"]
[WhiteTeam "La Victoria 94"]
[BlackTeam "Playa San Juan"]
[WhiteTeamCountry "ESP"]
[BlackTeamCountry "ESP"]

1. d4 Nf6 2. Nf3 e6 3. g3 d5 4. Bg2 c5 5. e3 Nc6 6. 0-0 b6 7. Nbd2 Ba6 8. Re1 Be7 9. b3 cxd4 10. exd4 0-0 11. Bb2 Rc8 12. a3 Qc7 13. Rc1 Bd6 14. c4 Qe7 15. b4 dxc4 16. Nxc4 Nd5 17. Qb3 b5 18. Nxd6 Qxd6 19. Rc5 Nce7 20. Ng5 h6 21. Ne4 Qb6 22. Rec1 Bb7 23. Rxc8 Rxc8 24. Nc5 Ba8 25. Rd1 a6 26. Qd3 Qa7 27. Qe2 Nb6 28. Bxa8 Rxa8 29. Bc1 Nbd5 30. Qg4 Nf5 31. Rd3 Rd8 32. Qe2 Nf6 33. Bb2 Qb6 34. Qe5 Rd5 35. Qe2 Nd6 36. g4 0-1

[Event "Tenerife-chT Primera"]
[Site "Tenerife"]
[Date "2021.02.27"]
[Round "1.2"]
[White "Rodriguez Garcia, Joel I"]
[Black "Rizoev, Rifat"]
[Result "0-1"]
[WhiteElo "1299"]
[BlackElo "1689"]
[PlyCount "54"]
[EventDate "2021.02.27"]
[EventType "team-tourn"]
[EventRounds "14"]
[EventCountry "ESP"]
[SourceTitle "EXT 2023"]
[Source "ChessBase"]
[SourceDate "2022.10.05"]
[SourceVersion "1"]
[SourceVersionDate "2022.10.05"]
[SourceQuality "1"]
[WhiteTeam "Santa Ursula Badnor"]
[BlackTeam "Playa San Juan"]
[WhiteTeamCountry "ESP"]
[BlackTeamCountry "ESP"]

1. e4 c5 2. Nf3 e6 3. d4 cxd4 4. Nxd4 Nc6 5. c4 Nf6 6. Nc3 a6 7. a3 Qc7 8. g3 Nxd4 9. Qxd4 Bc5 10. Qd1 h5 11. Bg2 h4 12. 0-0 hxg3 13. h3 gxf2+ 14. Rxf2 Qg3 15. Qf3 Qxf3 16. Bxf3 Bxf2+ 17. Kxf2 Rxh3 18. Bf4 Ke7 19. Rd1 Ne8 20. Na4 b5 21. Nb6 g5 22. Bxg5+ f6 23. Bxf6+ Nxf6 24. Nxa8 Bb7 25. Nb6 Rh2+ 26. Ke3 Rxb2 27. Rd3 e5 0-1

[Event "Tenerife-chT Primera 1920"]
[Site "Tenerife "]
[Date "2020.01.25"]
[Round "5.2"]
[White "Rizoev, Rifat"]
[Black "Hernandez Cabrera, Javier"]
[Result "0-1"]
[WhiteElo "1616"]
[BlackElo "1581"]
[PlyCount "74"]
[EventDate "2019.11.30"]
[EventType "team-tourn"]
[EventRounds "14"]
[EventCountry "ESP"]
[SourceTitle "CBM 195 Extra"]
[Source "ChessBase"]
[SourceDate "2020.05.31"]
[SourceVersion "1"]
[SourceVersionDate "2020.05.31"]
[SourceQuality "1"]
[WhiteTeam "Playa San Juan"]
[BlackTeam "Al Shah Mat Los Realejos II"]
[WhiteTeamCountry "ESP"]
[BlackTeamCountry "ESP"]

1. e4 e6 2. d4 d5 3. e5 c5 4. c3 Nc6 5. Nf3 Qb6 6. Bd3 Bd7 7. Bc2 cxd4 8. cxd4 Nb4 9. 0-0 Nxc2 10. Qxc2 Rc8 11. Nc3 f6 12. exf6 Nxf6 13. Re1 Bd6 14. Qd3 0-0 15. Ne5 Bxe5 16. Rxe5 Rc4 17. Qg3 Qxd4 18. Be3 Qd3 19. Bxa7 Qxg3 20. hxg3 b5 21. a3 Ra8 22. Bb6 b4 23. Ne2 Ng4 24. Rg5 h6 25. Rh5 Rc2 26. Nf4 Rxb2 27. Rh4 Rxa3 28. Re1 Nf6 29. Nxe6 Bxe6 30. Rxe6 Ra1+ 31. Kh2 Rbb1 32. g4 Rh1+ 33. Kg3 Ne4+ 34. Rxe4 dxe4 35. Rxh1 Rxh1 36. Kf4 b3 37. Kxe4 Rc1 0-1